| 000 | 00809nam a2200205 a 4500 | ||
|---|---|---|---|
| 003 | 0 | ||
| 005 | 20250424072030.0 | ||
| 008 | 080527s19uu xx 00 eng d | ||
| 050 |
_aPHS ML 3830 _b.F66 2005 |
||
| 100 | _aFonseca, Jorn Erik. | ||
| 245 |
_aProfile of music preference of fourth year high school students and its effects on their academics / _cJorn Erik Fonseca. |
||
| 260 |
_aLas PiƱas City, Philippines : _bSouthville International School and Colleges, _c2005. |
||
| 300 |
_a35 pages : _billustrations ; _c28 cm. |
||
| 504 | _aIncludes bibliographical references. | ||
| 650 |
_aMusic preferences _xTeenagers. |
||
| 650 |
_2Library of Congress Subject Headings _aMusic _xPsychological aspects. |
||
| 650 |
_aAcademic achievement _xPsychological aspects. |
||
| 942 |
_2lcc _cPASS |
||
| 999 |
_c97226 _d97226 |
||